Japan National Football Team - Statistics

General Stats
  • This quiz has been taken 47 times
  • The average score is 8 of 18
Answer Stats
Goals Caps Player % Correct
37 98 Keisuke Honda
88%
50 119 Shinji Okazaki
78%
15 152 Yasuhito Endō
75%
31 97 Shinji Kagawa
72%
24 98 Shunsuke Nakamura
66%
2 114 Makoto Hasebe
63%
4 144 Yūto Nagatomo
63%
12 126 Maya Yoshida
53%
26 73 Takumi Minamino
50%
55 89 Kazuyoshi Miura
41%
0 116 Yoshikatsu Kawaguchi
38%
17 110 Yuji Nakazawa
38%
26 57 Yuya Osako
31%
75 76 Kunishige Kamamoto
28%
37 75 Hiromi Hara
25%
5 122 Masami Ihara
16%
26 54 Kazushi Kimura
13%
27 44 Takuya Takagi
9%
No matching quizzes found
Score Distribution
Percent of People with Each Score
Percentile by Number Answered
Your Score History
You have not taken this quiz